Inseln anhand von Bildern erkennen - Statistiken

Allgemein
  • Dieses Quiz wurde 107 mal gespielt
  • Das Durchschnittsergebnis liegt bei 8 aus 12
Antwortstatistiken
Bildquiz Antwort % Korrekt
Osterinsel
89%
Großbritannien
75%
Kuba
69%
Alcatraz
67%
Tasmanien
67%
Singapur
66%
Madagaskar
64%
Manhattan
64%
Taiwan
61%
Irland
59%
Hong Kong
38%
Hawaii
33%
Keine übereinstimmenden Quizze gefunden
Verteilung der Resultate
Anzahl Personen mit jedem Resultat
Perzentil nach korrekt beantworteten Fragen
Ihre Resultats-Entwicklung
Sie haben dieses Quiz noch nicht gespielt